Manual de funciones del beneficio seco de PRODECOOP R.L Palacaguina
Presenta un manual de funciones del beneficio seco de PRODECOOP R.L con el objetivo de desligar funcione de sobrecarga y aportar al desarrollo organizacional de dicha empresa, incluye diagnóstico de la situación actual, propuesta de organigrama, análisis de cargos y manual de funciones.
| Main Authors: | , , |
|---|---|
| Other Authors: | |
| Format: | Tesis Section = Libro |
| Language: | Undetermined Spanish |
| Published: |
Managua
UNI
2012
|
| Subjects: |
| LEADER | 01201nam a2200277Ia 4500 | ||
|---|---|---|---|
| 008 | 240830s9999 xx 000 0 und d | ||
| 040 | |a BIBLIOTECA-RUPAP T.Mon 658.402 P649 | ||
| 041 | |a spa | ||
| 082 | |a T.Mon 658.402 P649 | ||
| 100 | 1 | |a Pineda Rodríguez, Kayling Máyela | |
| 100 | 1 | |b Toruño González, Yesenia del Carmen | |
| 100 | 1 | |c Meneses Acuña, Reyna Elideth | |
| 245 | 1 | 0 | |a Manual de funciones del beneficio seco de PRODECOOP R.L Palacaguina |
| 260 | |a Managua |b UNI |c 2012 | ||
| 300 | |a 99 p. :il. | ||
| 500 | |a Contiene: anexos e Incluye: CD. | ||
| 502 | |a Tesis (Ingeniero de Sistemas)- UNI, 2012. | ||
| 520 | 3 | |a Presenta un manual de funciones del beneficio seco de PRODECOOP R.L con el objetivo de desligar funcione de sobrecarga y aportar al desarrollo organizacional de dicha empresa, incluye diagnóstico de la situación actual, propuesta de organigrama, análisis de cargos y manual de funciones. | |
| 650 | 7 | |a ORGANIZACIÓN INTERNA | |
| 650 | 7 | |b ESTRUCTURA ORGANIZACIONAL | |
| 650 | 7 | |c ADMINISTRACION DE RECURSOS HUMANOS | |
| 650 | 7 | |d MANUAL DE FUNCIONES | |
| 700 | 1 | |a Tutor: |b Orozco Miranda, Hazzely del Carmen | |
| 942 | |c BK |2 ddc | ||
| 991 | |a TESIS | ||
| 999 | |c 18626 | ||